000 00919nam a2200337Ia 4500
001 Z_5596
003 CHAP
008 220113s1991 xx 000 0 und d
010 _a168690
020 _a968-463-057-3
040 _cCHAP
082 _a639.37 M67
100 _aMorales Díaz, Armando
_978254
245 _aLa tilapia en México : biología, cultivo y pesquerías /
_cArmando Morales Díaz
260 _aMéxico :
_bAGT,
_c1991
300 _a190 p.
503 _aej.1: C/E
504 _aBibliografía: p. 186 - 190
650 _aPeces
_x
_x Mercado
_9142985
650 _aPiscicultura
_988531
650 _aTilapia
_x
_x Alimentaión
_9142986
650 _aTilapia
_x
_x Cultivo
_9142987
650 _aTilapia
_x
_x Fisiología
_9142988
650 _aTilapias
_x
_x Producción
_9142989
901 _a639.37 M67
902 _aM
910 _a1991
942 _c1
942 _cc1
999 _c168690
_d168690